LEADER 01639nam0 22003733i 450 001 PUV0393149 005 20231121125614.0 010 $a8476352670 100 $a20110922d1997 ||||0itac50 ba 101 | $aspa 102 $aes 181 1$6z01$ai $bxxxe 182 1$6z01$an 200 1 $aVocabulario de codicología$eversión española revisada y aumentada del Vocabulaire codicologique de Denis Muzerelle$fPilar Ostos, M.ª Luisa Pardo y Elena E. Rodríguez 210 $aMadrid$cArco/Libros$dc1997 215 $a390 p.$cill.$d22 cm 225 | $aInstrumenta bibliologica 300 $aSul front.: Con los auspicios científicos del Comité International de Paléographie Latine. 410 0$1001MIL0265505$12001 $aInstrumenta bibliologica 500 10$aVocabulaire codicologique. -$3UFI0358222$9RAVV042430$93613734 606 $aCodicologia$xDizionari$2FIR$3PUVC072056$9I 676 $a091$9Manoscritti$v20 700 1$aOstos$b, Pilar$3PUVV196113$4070$01309445 701 1$aPardo$b, Maria Luisa$3PUVV196114$4070$0109204 701 1$aRodriguez$b, Elena E.$3PUVV196115$4070$01442136 801 3$aIT$bIT-01$c20110922 850 $aIT-RM1163 $aIT-FR0017 899 $aIstituto Centrale Restauro Conservazione Patrimonio Archivistico Librario$bRM1163 $4S 899 $aBiblioteca umanistica Giorgio Aprea$bFR0017 $eN 912 $aPUV0393149 950 0$aBiblioteca umanistica Giorgio Aprea$d 52SALA BRAGAS.S.L. 424$e 52COB0000907495 VMB RS $fA $h20170124$i20170124 977 $a 36$a 52 996 $aVocabulaire codicologique$93613734 997 $aUNICAS